Historia de las cruzadas

Gardado en:
Detalles Bibliográficos
Autor Principal: Runciman, Steven (Author)
Formato: Libro
Idioma:Lingua castelá
Publicado: Madrid Alianza 1981
Edición:2a. ed
Series:Alianza Universidad
Subjects:
Tags: Engadir etiqueta
Sen Etiquetas, Sexa o primeiro en etiquetar este rexistro!

MARC

LEADER 00000nam a2200000 a 4500
001 UCP9945
003 CL-VaPUC
008 000407e19810000SP |||||||||||||||||spa|d
082 0 4 |a 940.18  |b RUN  |2 21 
100 0 |a Runciman, Steven  |e author  |9 440910 
245 1 0 |a Historia de las cruzadas 
250 |a 2a. ed 
300 |a 3 v 
942 |c BK 
945 |d 20000407 00:00:00  |a rherrera 
260 |a Madrid  |b Alianza  |c 1981 
500 |a v.1: La Primera Cruzada y la Fundación del Reino de Jerusalén 
500 |a v.2: El Reino de Jerusalén y el Oriente Franco 1100-1187 
500 |a v.2: El Reino de Acre y las Ultimas Cruzadas 
650 0 |a Historia de Europa  |9 392003 
650 0 |a Cruzadas  |9 319513 
650 0 |a Islamismo  |9 314084 
650 0 |a Cristianismo  |9 257361 
650 7 |a REINO DE JERUSALEN  |2 CL-VaPUC  |9 440911 
650 7 |a IMPERIO MONGOL  |2 CL-VaPUC  |9 314068 
650 7 |a CENIT  |2 CL-VaPUC  |9 440912 
651 0 |a Europa  |9 255156 
651 0 |a Jerusalén   |9 313609 
651 7 |a ORIENTE  |2 CL-VaPUC  |9 266721 
583 |a last modification  |c 20000407 00:00:00  |k Rodrigo Vera 
490 0 |a Alianza Universidad 
999 |c 286725  |d 286723 
952 |0 0  |1 0  |4 0  |6 940_180000000000000_RUN_1981  |7 0  |8 A  |9 332822  |a BIBHIS  |b BIBHIS  |d 2019-11-20  |h v.2  |i 1263366  |l 1  |m 1  |o 940.18 RUN 1981  |p 1263366  |r 2025-01-20  |s 2021-11-09  |w 2019-11-20  |y BK  |k HIS 
952 |0 0  |1 0  |4 0  |6 940_180000000000000_RUN_1981  |7 0  |8 A  |9 332823  |a BIBHIS  |b BIBHIS  |d 2019-11-20  |h v.2  |i 1263374  |l 1  |o 940.18 RUN 1981  |p 1263374  |r 2025-01-20  |s 2021-06-01  |w 2019-11-20  |y BK  |k HIS 
952 |0 0  |1 0  |4 0  |6 940_180000000000000_RUN_1981  |7 0  |8 A  |9 332824  |a BIBHIS  |b BIBHIS  |d 2019-11-20  |h v.3  |i 1263382  |l 4  |o 940.18 RUN 1981  |p 1263382  |r 2025-01-20  |s 2024-08-20  |w 2019-11-20  |y BK  |k HIS 
952 |0 0  |1 0  |4 0  |6 940_180000000000000_RUN_1981  |7 0  |8 A  |9 332825  |a BIBHIS  |b BIBHIS  |d 2019-11-20  |h v.3  |i 1263390  |o 940.18 RUN 1981  |p 1263390  |r 2025-01-20  |w 2019-11-20  |y BK  |k HIS